| 000 | 01220cam a22002054a 4500 | ||
|---|---|---|---|
| 005 | 20250605164050.0 | ||
| 008 | 250528s ||||||||||||||||||||||||d | ||
| 035 | _a17240 | ||
| 020 | _a132007754 | ||
| 040 |
_aGR-AtMCL _bgre _dGR-AtMCL _eAACR2 |
||
| 245 | 1 | _aDesign and Analysis / A Researcher's Handbook | |
| 250 | _a3rd | ||
| 260 |
_bPrentice Hall, _c1991 |
||
| 300 | _a596 | ||
| 520 | _aA best-selling, advanced level, researcher-oriented exploration of experimental design and statistical analysis - without reliance on mathematical arguments or statistical proofs. Preface, Introduction, Design of Experiments, Single-Factor Experiments, Specifying Sources of Variability, Assumptions and Other Considerations, Analysis of Trend, Factorial Experiments with Two Factors, Introduction to Factorial Design, The Analysis of Interaction Comparisons, Designs with a Control or Concomitant Variable, Within-Subjects Designs, The Single-Factor Within-Subjects Designs, Higher-Order Factorial Experiments, The Two-Factor Within-Subjects Designs, Other Higher-Order Designs, Appendices, References, Author and Subject Index. | ||
| 700 | 1 |
_aKeppel Geoffrey _9305 |
|
| 942 | _cBK | ||
| 999 |
_c2668 _d2668 |
||